|
|
|
|
| LEADER |
01241nam a2200313 a 4500 |
| 001 |
28967 |
| 003 |
BD-DhAAL |
| 005 |
20150314100359.0 |
| 008 |
150314s1999 maua bd 001 0 eng |
| 010 |
|
|
|a 99025639
|
| 020 |
|
|
|a 0674511735 (alk. paper)
|
| 040 |
|
|
|a DLC
|c DLC
|d DLC
|d BD-DhAAL
|
| 042 |
|
|
|a pcc
|
| 043 |
|
|
|a e------
|a ff-----
|a aw-----
|
| 050 |
0 |
0 |
|a DE5
|b .L29 1999
|
| 082 |
0 |
0 |
|a 938.003
|2 21
|
| 245 |
0 |
0 |
|a Late antiquity :
|b a guide to the postclassical world /
|c G.W. Bowersock, Peter Brown, Oleg Grabar, editors.
|
| 260 |
|
|
|a Cambridge, Mass. ;
|a London, England :
|b Belknap Press of Harvard University Press,
|c 1999.
|
| 300 |
|
|
|a xiii, 780 p. :
|b ill. (some ill.) ;
|c 27 cm.
|
| 490 |
|
0 |
|a Harvard University Press reference library
|
| 504 |
|
|
|a Includes bibliographical references and index.
|
| 541 |
|
|
|e 28967
|
| 650 |
|
0 |
|a Classical dictionaries.
|9 9497
|
| 700 |
1 |
|
|a Bowersock, G. W.
|q (Glen Warren),
|d 1936-
|9 9498
|
| 700 |
1 |
|
|a Brown, Peter,
|d 1935-
|9 9499
|
| 700 |
1 |
|
|a Grabar, Oleg.
|9 9500
|
| 942 |
|
|
|2 ddc
|c BK
|
| 999 |
|
|
|c 34002
|d 34002
|
| 952 |
|
|
|0 0
|1 0
|2 ddc
|4 0
|6 938_003000000000000_LAT
|7 0
|9 53063
|a BRACUL
|b BRACUL
|c GEN
|d 2015-03-14
|e Trim Education
|g 3600.00
|l 2
|o 938.003 LAT
|p 3010028967
|r 2026-03-31
|s 2026-03-29
|t 1
|w 2015-03-14
|y BK
|